| 000 -LEADER |
| fixed length control field |
00355nam a2200121Ia 4500 |
| 008 - FIXED-LENGTH DATA ELEMENTS--GENERAL INFORMATION |
| fixed length control field |
190722s9999 xx 000 0 und d |
| 020 ## - INTERNATIONAL STANDARD BOOK NUMBER |
| International Standard Book Number |
978-81-309-3063-3 |
| 100 ## - MAIN ENTRY--PERSONAL NAME |
| Personal name |
Ajoy Ghatak, K. Thyagarajan/ and R.K. Varshney |
| 245 #0 - TITLE STATEMENT |
| Title |
Problems and Solutions in Electromagnetics |
| 260 ## - PUBLICATION, DISTRIBUTION, ETC. (IMPRINT) |
| Place of publication, distribution, etc |
New Delhi |
| Name of publisher, distributor, etc |
Viva Books (Pvt.) Ltd. |
| Date of publication, distribution, etc |
2015 |
| 300 ## - PHYSICAL DESCRIPTION |
| Extent |
324 |
| 942 ## - ADDED ENTRY ELEMENTS (KOHA) |
| Koha item type |
Books |